00725nam a2200229 a 4500001001300000003000900013005001700022008004100039020001000080082001900090245006800109260005200177300000900229500003500238505001700273650002100290710003500311902000800346942000700354952011900361999001500480nice12345678IN_TiNIC20260116012005.0050524s1975 newa grp 000 0 eng  ac10000a909.04973bAAS aIssues and Themesb Essays in American History and Civilization aNew DelhibAmerican Association for Statec1975 a287p aincludes index and biblioraphy2 aNotes, Index aCivilization-Usa2 aAmerical Association for State bSRS cBK 001040708StackRoom-aHMIbHMId2007-06-05g100.00l0o909.04973 AASp08084r2007-06-05v100.00w2005-05-24yBK c5185d5185